Geography Quiz

Random Geography or World Quiz

9 to 1 Border Challenge Quiz Stats

 Plays Quiz Updated Jul 2, 2018

Challenge
Share
Tweet
Embed
Score 0/45 Timer 05:00
5 Plays Today
% Correct
France
96.7%
Spain
94.9%
Brazil
94%
Poland
94%
Chile
93.1%
Austria
93%
Belgium
90.9%
Switzerland
90.1%
Denmark
88.5%
Uruguay
88.4%
Netherlands
88.4%
Paraguay
88.2%
Vietnam
84.9%
South Sudan
84.7%
Greece
84.5%
Egypt
84.2%
Luxembourg
84.2%
Laos
84%
Czechia
84%
Bolivia
83.1%
Lesotho
82.2%
Thailand
80.6%
Iraq
80.2%
% Correct
Syria
79.5%
Iran
79.3%
Honduras
77.8%
Chad
75.6%
Guatemala
75.5%
Zimbabwe
75.4%
Ethiopia
75.1%
eSwatini
74.6%
Kazakhstan
74.5%
Uzbekistan
73.4%
Armenia
73.3%
Namibia
72.6%
Georgia
72%
China
71.3%
Tajikistan
70%
Botswana
69.7%
Libya
69.6%
Mozambique
69.6%
Azerbaijan
69.5%
Eritrea
67.9%
Bulgaria
65.9%
Central African Republic
57.3%

You're not logged in!

Compare scores with friends on all Sporcle quizzes.
OR
Log In

You Might Also Like...

Show Comments

Extras

Top Quizzes Today


Score Distribution

Your Account Isn't Verified!

In order to create a playlist on Sporcle, you need to verify the email address you used during registration. Go to your Sporcle Settings to finish the process.

Report this User

Report this user for behavior that violates our Community Guidelines.

Details: